| 000 | 01159cam a2200301 a 4500 | ||
|---|---|---|---|
| 999 |
_c332240 _d332240 |
||
| 001 | 11958314 | ||
| 003 | NUST | ||
| 005 | 20180621111234.0 | ||
| 008 | 000330s2000 nyu 000 1 eng | ||
| 010 | _a 00037568 | ||
| 020 |
_a9780099285274 _cRs. 396 |
||
| 038 | _aArshad | ||
| 040 |
_aDLC _cDLC _dDLC |
||
| 050 | 0 | 0 |
_aPS3570.O438 _bR67 2000 |
| 082 | 0 | 0 |
_a813.54 _bTOO |
| 100 | 1 |
_aToole, F. X., _d1930- _96579 |
|
| 245 | 1 | 0 |
_aRope burns : _bstories from the corner / _cF. X. Toole. |
| 250 | _a1st ed. | ||
| 260 |
_aNew York : _bEcco Press, _c2000. |
||
| 300 |
_a237 p. ; _c25 cm. |
||
| 650 | 0 |
_aBoxers (Sports) _vFiction. _96580 |
|
| 650 | 0 |
_aBoxing matches _vFiction. _96581 |
|
| 650 | 0 |
_aBoxing stories. _96582 |
|
| 856 | 4 | 2 |
_3Contributor biographical information _uhttp://www.loc.gov/catdir/enhancements/fy1308/00037568-b.html |
| 906 |
_a7 _bcbc _corignew _d1 _eocip _f20 _gy-gencatlg |
||
| 942 |
_2ddc _cBK |
||